International journal of mathematics, game theory, and algebra

Detalles Bibliográficos
Título anterior:Nova journal of mathematics, game theory, and algebra
Formato: Electrónico Revista
Lenguaje:inglés
Publicado: Commack, N.Y. : Nova Science Publishers, ©1998-
Materias:
Acceso en línea:Full text available from Research Library: 01/01/2011 to present

MARC

LEADER 00000nas a2200000 a 4500
001 ssj0001454272
003 WaSeSS
005 20200512172242.0
006 m d
007 cr n
008 980407c19989999nyubr p s 0 a0eng c
010 |a  98660720   |z sn 98008903  
022 |l 1099-1859  |y 1099-1859 
035 |a (WaSeSS)ssj0001454272 
037 |b Nova Science Publishers, Inc., 6080 Jericho Turnpike, Ste. 207, Commack, N.Y. 11725-3401, USA  |c $220.00 
040 |a IWA  |b eng  |c IWA  |d NSD  |d DLC  |d EYM  |d DLC  |d OCLCQ  |d OCLCF  |d OCLCO  |d QE2  |d OCLCQ  |d CUS  |d WaSeSS 
042 |a nsdp  |a pcc 
050 0 0 |a QA150  |b .N68 
082 0 0 |a 512/.005  |2 20 
210 0 |a Int. j. math. game theory algebr. 
222 0 |a International journal of mathematics, game theory, and algebra 
245 0 0 |a International journal of mathematics, game theory, and algebra  |h [electronic resource]. 
260 |a Commack, N.Y. :  |b Nova Science Publishers,  |c ©1998- 
310 |a 6 issues/yr,  |b <2000-> 
321 |a Quarterly (irregular) 
362 0 |a Vol. 7, no. 2/3- 
500 |a Title from cover. 
500 |a Some issues accompanied by disks. 
506 |a License restrictions may limit access. 
650 0 |a Algebra  |v Periodicals. 
650 0 |a Geometry  |v Periodicals. 
650 0 |a Game theory  |v Periodicals. 
650 7 |a Algebra.  |2 fast  |0 (OCoLC)fst00804885 
650 7 |a Game theory.  |2 fast  |0 (OCoLC)fst00937501 
650 7 |a Geometry.  |2 fast  |0 (OCoLC)fst00940864 
655 0 |a Electronic journals. 
780 0 0 |t Nova journal of mathematics, game theory, and algebra  |w (DLC) 96660711  |w (OCoLC)34174514 
850 |a DLC  |a MiU 
856 4 0 |z Full text available from Research Library: 01/01/2011 to present  |u https://search.proquest.com/publication/2034863